000 01033nam a2200253Ia 4500
003 OSt
005 20220930094954.0
006 a|||||r|||| 00| 0
007 ta
008 220926b |||||||| |||| 00| 0 hin d
024 _a62727
037 _cTheses
040 _aCRL
_cCRL
_bhin
041 _2hin
_ahin
100 _aविशनोई, लक्ष्मी, ले.
110 _aदिल्ली विश्वविद्यालय. कला संकाय. हिन्दी विभाग
245 0 _aकृष्ण सोबती के उपन्यासों में पितृसत्ता के रूप
246 _aKṛuṣhṇa sobatī ke upanyāsoan mean pitṛusattā ke rūpa
260 _c2018
300 _a196पृ0
_ap.
_ccm.
700 _aदिल्ली विश्वविद्यालय. कला संकाय. हिन्दी विभाग
942 _cDIS
_2CC
999 _c888083
_d888083